| 000 | 02313nam a22003617a 4500 | ||
|---|---|---|---|
| 005 | 20100819113936.0 | ||
| 010 | _aENG-100931 B-426779, B-427714-717 | ||
| 020 |
_a9788120341081 _c425.00 |
||
| 035 | _aEN-84464 B-426779, B-427714-717 | ||
| 037 | _bDBAD/PUB | ||
| 037 | _bAllied Pub/Ven | ||
| 082 | _a620.00151535 | ||
| 100 |
_aSrinivas, Paleti _927578 |
||
| 245 |
_aFinite element analysis using ANSYS 11.0 / _cby Paleti Srinivas, Krishna Chaitanya Sambana [and] Rajes Kumar Datti |
||
| 260 |
_aNew Delhi _bPHI Learning _c2010 |
||
| 270 |
_aM-97, Connaught Circus _bNew Delhi _e110001 |
||
| 300 |
_axiii, 528 p. _b24cm (Pbk) |
||
| 500 | _aIncludes bibliographical references and index | ||
| 650 |
_aANSYS (Computer system) _927579 |
||
| 650 |
_aFinit elemet methody _927580 |
||
| 650 |
_aData Procesing _927581 |
||
| 700 |
_aSambana, Krishna Chaitanya _915115 |
||
| 700 |
_aDatti, Rajesh kumar _915135 |
||
| 942 |
_2ddc _cEN _h620.00151535 _mSRI |
||
| 999 |
_c42524 _d42524 |
||